00214nam a2200097 a 4500008004100000050001500041100001900056245002300075260000900098350000900107120416s1970 xx |||||||||||||| || u aTS 227 Woo aWoods, Peter F10aProduction welding c1970 a0.00